Statistiques concernant Paroles - Paroles, Paroles - Dalida & Alain Delon

Cliquez ici pour prendre le quiz!

Statistiques générales

  • Ce quiz a été pris 417 fois
  • Le résultat moyen est 334 sur 410

Statistiques - réponses

*Paroles% Correct
Alain DelonDe
97%
de
97%
DalidaDes
97%
des
97%
le
97%
les
96%
Les
96%
Alain DelonPar
96%
Alain DelonTu
96%
tu
96%
à
95%
Je
95%
je
95%
me
95%
mot,
95%
Et
94%
et
94%
ma
94%
mots,
94%
mots
94%
parole
94%
toujours
93%
paroles
92%
DalidaParoles,
92%
paroles,
92%
que
92%
Que
92%
Qui
92%
qui
92%
Te
92%
te
92%
un
92%
une
92%
Alain DelonUne
92%
au
91%
Alain Delon | DalidaEncore
91%
encore
91%
ce
90%
Moi,
90%
moi
90%
pas
90%
peu
90%
se
90%
autre
89%
bien
89%
DalidaBien
89%
Alain Delon | DalidaMais
89%
mais
89%
mêmes
89%
es
87%
mon
87%
Alain DelonMon
87%
peux
87%
pour
87%
bonbons
86%
coeur
86%
la
86%
offrir
86%
chocolats
85%
ne
85%
DalidaRien
85%
sur
85%
aime
84%
jamais
84%
DalidaCaramels,
83%
t'en
83%
comme
81%
Alain DelonComme
81%
bouche
79%
Si
79%
belle
78%
fois
78%
posent
78%
Alain DelonC'est
77%
c'est
77%
douceur
77%
sais
76%
enrobés
75%
parfum
75%
première
75%
roses
75%
prie
73%
tendres
73%
vent
73%
plus
70%
quand
70%
Quand
70%
beau
69%
Alain DelonEcoute
69%
regarde
69%
fragiles
68%
DalidaMerci,
68%
trop
68%
sèmes
65%
dire
64%
soir
64%
jure
63%
comment
62%
d'un
62%
faciles,
62%
faux
62%
j'ai
62%
m'arrive
61%
rêve
61%
temps
61%
aussi
60%
on
60%
sonnent
60%
seul
59%
C'était
57%
fini
56%
oublie
56%
seule
56%
fanent
55%
envie
54%
fait
54%
rêves
54%
savais
54%
silence
54%
souvenirs
54%
étrange
53%
t'arrête
52%
tellement
52%
dunes
51%
juste
51%
commences
49%
étoiles
46%
DalidaOui,
46%
tactiques
46%
d'amour
44%
unique
44%
comprends
42%
n'existais
42%
cette
41%
demain
41%
magiques,
41%
t'inventerais
41%
moments,
40%
parler
40%
vérité
40%
chanter
39%
danser
39%
cesserai
38%
d'hier
38%
moins
38%
histoire
37%
espérance
34%
loin
34%
j'aimerais
32%
destin :
31%
violons
31%
Alain DelonVoilà
30%
défendu
29%
emporte
29%
comprennes
28%
m'écoutes
28%
musique
25%
lire
24%
déjà
23%
tourment
20%

Distribution des résultats

Percentile par nombre de réponses

% des personnes avec chaque résultat

Votre développement - résultats

Vous n’avez pas pris ce quiz